| 000 | 00584nam a22002057a 4500 | ||
|---|---|---|---|
| 003 | Ost | ||
| 005 | 20260312035826.0 | ||
| 008 | 260312b |||||||| |||| 00| 0 eng d | ||
| 020 | _a9789355426710 | ||
| 040 | _cBT-PhCST | ||
| 050 | _a25723-25724 | ||
| 082 |
_222 _a005.8 _bHOF |
||
| 100 | _a Hoffman, Andrew. | ||
| 245 |
_aWeb application security : _bexploitation and countermeasures for modern web applications / |
||
| 250 | _a2nd ed. | ||
| 260 |
_aIndia : _bO'Reilly, _cc2024. |
||
| 300 |
_axxxiii, 405 p. : _bill. ; _c23 cm. |
||
| 500 | _aIncludes index. | ||
| 942 |
_2ddc _cSE |
||
| 999 |
_c10183 _d10183 |
||